Statistics for People with H Initials

Click here to take the quiz!

General Stats

  • This quiz has been taken 30,788 times
    (10,045 since last reset)
  • The average score is 12 of 21

Answer Stats

CluePerson% Correct
HF"Indiana Jones" actorHarrison Ford
93%
HJActor who played WolverineHugh Jackman
88%
HBWon an Oscar for Best Actress
in 2001, the first black
woman to do so
Halle Berry
84%
HNWon the Battle of TrafalgarHoratio Nelson
76%
HG"Four Weddings and a Funeral"Hugh Grant
72%
HLPlays with a band called
The News
Huey Lewis
65%
HCFormer boss in VenezuelaHugo Chavez
65%
HS"Million Dollar Baby"Hillary Swank
64%
HM"Moby-Dick" authorHerman Melville
62%
HW"The Time Machine" authorH. G. Wells
58%
HHAviation millionaire who built
the Spruce Goose
Howard Hughes
58%
HTThe buck stopped with himHarry Truman
57%
HD"Lizzie McGuire"Hilary Duff
57%
HZFilm composer of "The Lion King"
and "Pirates of the Caribbean"
Hans Zimmer
53%
HAHe broke Babe Ruth's career
home run record
Hank Aaron
49%
HINorwegian playwrightHenrik Ibsen
44%
HONigerian basketball player
called "The Dream"
Hakeem Olajuwon
34%
HREgon from "Ghostbusters"Harold Ramis
33%
HKPresident of Afghanistan,
2001–2014
Hamid Karzai
27%
HEAncient rabbi who asked:
"if not now, when?"
{Hillel} the {Elder}
23%
HPFrench mathematician who made
a famous conjecture
Henri Poincaré
13%

Score Distribution

Percentile by Number Answered

Percent of People with Each Score

Your Score History

You have not taken this quiz since the last reset